01067nam a22001337a 4500008004100000082002500041100004300066245019400109260009100303300002500394505040300419650006800822700004300890150123b xxu||||| |||| 00| 0 eng d a779.209.728.1bC397i aArturo Taracena Arriola; Rosina Cazali aImágenes de Guatemala :b57 fotógrafos de la Fototeca de CIRMA y la comunidad fotográfica guatemalteca : 1850-2005 : con textos y fotografíascArturo Taracena Arriola; Rosina Cazali aAntigua, GuatemalabCentro de Investigaciones Regionales de Mesoamérica. Cirmac2005 a121 pb ill.c 23 cm tAgradecimientostLa exposicion, CIRMA y el reto de desarrollar un archivo nacional de la memoria visual a traves de la imagen fotograficarTani Marilena Adams tFotografia en Guatemala como documento social: desde sus origenes hasta 1920srArturo Taracena ArriolatFotografia y modernidad en guatemalarRosina CazalitFotografiastapendice fotograficotBreve descripcion de Cirma y sus colecciones  aFotografiaxColeccion de fotografias - Exhibiciones zGuatemala aArturo Taracena Arriola; Rosina Cazali